00293nam a2200121Ia 4500008004100000041000800041082001400049100001600063245002200079260003800101300002500139365000700164240624s9999 xx 000 0 und d aeng a658.8 RAJ aRAJSHEKAR N aNEW AGE MARKETING c2004aHyderabadbICFAI University avii, : 205p. ; 23cm. cRS